[Event "First Saturday 2009 december FM-A"]
[Site "Budapest"]
[Date "2009.12.05"]
[Round "1.1"]
[White "Tran, Tuan Minh"]
[Black "Zoltan, Andras"]
[Result "1-0"]
[WhiteElo "2105"]
[BlackElo "1995"]
[PlyCount "155"]
[EventDate "2009.12.05"]

1. d4 Nf6 2. Bg5 c5 3. d5 d6 4. Nc3 g6 5. Bxf6 exf6 6. g3 Bg7 7. Bg2 Qb6 8. Rb1
O-O 9. e3 Nd7 10. Nf3 f5 11. h4 Ne5 12. Nd2 Re8 13. O-O Bd7 14. Re1 Qc7 15. a4
a6 16. Qe2 Rab8 17. b3 Qa5 18. Nd1 b5 19. Nb2 Ng4 20. axb5 axb5 21. Nd3 Qc3 22.
Nf1 Ra8 23. Nc1 b4 24. Rd1 Qf6 25. Nh2 Nxh2 26. Kxh2 f4 27. Nd3 fxe3 28. fxe3
Ra2 29. Nc1 Ra7 30. Rf1 Qc3 31. e4 Bf5 32. Qb5 Rae7 33. exf5 Qxc2 34. Qd3 Qxd3
35. Nxd3 Re3 36. fxg6 fxg6 37. Rbd1 Bd4 38. Bf3 Rf8 39. Kg2 Rd8 40. Bg4 Kg7 41.
Rfe1 Ra8 42. Rxe3 Bxe3 43. Kf3 Bd4 44. Nf4 Be5 45. Ke4 Ra3 46. Rd3 c4 47. bxc4
b3 48. Bd1 b2 49. Bc2 Ra1 50. Rb3 Rc1 51. Kd3 Rf1 52. Ke2 Rg1 53. Ne6+ Kh6 54.
Kf2 Rc1 55. Bd3 Rd1 56. Ke2 Rg1 57. Be4 Rxg3 58. Rxg3 Bxg3 59. Ng5 Kg7 60. Nf3
Kf6 61. Bb1 h6 62. Ke3 g5 63. hxg5+ hxg5 64. Nd4 Bf4+ 65. Kf3 Bd2 66. Nc6 Bc3
67. Kg4 Bd2 68. Kf3 Bc1 69. Kg4 Be3 70. Bc2 Bc1 71. Nd4 Be3 72. Nf3 Bc1 73. Ne1
Be3 74. Nd3 Bc1 75. Bb1 Ke7 76. Kf5 Kd7 77. Nf2 Kc7 78. Ke6 1-0

[Event "First Saturday 2009 december FM-A"]
[Site "Budapest"]
[Date "2009.12.05"]
[Round "1.1"]
[White "Lakat, Gyula"]
[Black "Mayer, Istvan"]
[Result "1/2-1/2"]
[WhiteElo "1956"]
[BlackElo "2152"]
[PlyCount "37"]
[EventDate "2009.12.05"]

1. d4 d5 2. Nf3 Nf6 3. g3 g6 4. Bg2 Bg7 5. O-O O-O 6. Re1 Ne4 7. c3 c5 8. dxc5
Nxc5 9. Nbd2 Nc6 10. Nb3 Ne4 11. Nfd4 f5 12. f3 Nf6 13. Be3 e5 14. Nxc6 bxc6
15. Bc5 Rf7 16. a4 Rb8 17. a5 Ba6 18. Qc2 Rfb7 19. Bb4 1/2-1/2

[Event "First Saturday 2009 december FM-A"]
[Site "Budapest"]
[Date "2009.12.06"]
[Round "1.2"]
[White "Zoltan, Andras"]
[Black "Letay, Gyula"]
[Result "0-1"]
[WhiteElo "1995"]
[BlackElo "2119"]
[PlyCount "66"]
[EventDate "2009.12.05"]

1. e4 c5 2. d4 cxd4 3. c3 d3 4. Bxd3 Nc6 5. Be3 d6 6. f4 Nf6 7. Nf3 Qc7 8. O-O
Bg4 9. Na3 a6 10. h3 Bxf3 11. Qxf3 Nd7 12. Nc2 g6 13. Nd4 Bg7 14. Kh1 O-O 15.
Rad1 Rac8 16. h4 Nc5 17. Nxc6 Qxc6 18. Bd4 Na4 19. Bxg7 Kxg7 20. Qf2 b5 21. e5
dxe5 22. fxe5 Qc5 23. Rd2 Qxe5 24. Re1 Qc7 25. Qd4+ Kg8 26. h5 Rcd8 27. Qh4 Rd7
28. hxg6 fxg6 29. Rde2 Rf6 30. Qh6 Rxd3 31. Rxe7 Rf1+ 32. Rxf1 Qxe7 33. Qf4
Nxb2 0-1

[Event "First Saturday 2009 december FM-A"]
[Site "Budapest"]
[Date "2009.12.06"]
[Round "1.2"]
[White "Mayer, Istvan"]
[Black "Bogad, Peter"]
[Result "1-0"]
[WhiteElo "2152"]
[BlackElo "2054"]
[PlyCount "85"]
[EventDate "2009.12.05"]

1. e4 e5 2. Bc4 Bc5 3. c3 b5 4. Bd5 c6 5. Bb3 Qb6 6. Qh5 Bxf2+ 7. Kf1 d5 8.
Qxe5+ Ne7 9. d4 Bh4 10. Qxg7 Rg8 11. Qh6 Rg4 12. Nf3 Ng8 13. Qh5 Qd8 14. exd5
Qf6 15. Qe5+ Qxe5 16. Nxe5 Re4 17. g3 Bh3+ 18. Kf2 Be7 19. Nd2 Rxe5 20. dxe5
Bc5+ 21. Ke1 Nd7 22. Ne4 Bb6 23. Bf4 Bg2 24. dxc6 Nxe5 25. Bxe5 Bxh1 26. Nd6+
Kf8 27. Kd2 Bxc6 28. Bxf7 Nh6 29. Bh5 Rd8 30. Kc2 Bc5 31. Rd1 Ke7 32. Bf4 Bxd6
33. Bg5+ Ke6 34. Bxd8 Be4+ 35. Kc1 Bc5 36. Bg5 Nf5 37. Re1 Nd6 38. Bg4+ Kd5 39.
Bf4 Nc4 40. Be6+ Kxe6 41. Rxe4+ Kd5 42. Re8 b4 43. b3 1-0

[Event "First Saturday 2009 december FM-A"]
[Site "Budapest"]
[Date "2009.12.06"]
[Round "1.2"]
[White "Tran, Tuan Minh"]
[Black "Lakat, Gyula"]
[Result "1-0"]
[WhiteElo "2105"]
[BlackElo "1956"]
[PlyCount "55"]
[EventDate "2009.12.05"]

1. d4 Nf6 2. Nf3 d5 3. c4 e6 4. Qc2 Bb4+ 5. Bd2 Be7 6. g3 O-O 7. Bg2 Nc6 8. O-O
Ne4 9. a3 f5 10. Nc3 Nxd2 11. Nxd2 Nxd4 12. Qd3 dxc4 13. Qxc4 Nc6 14. Bxc6 bxc6
15. Rfd1 Qe8 16. Nb3 Rb8 17. Rd2 Rb6 18. Nc5 Bd6 19. b4 Kh8 20. Rad1 Qe7 21.
N3a4 Rb5 22. Nb3 f4 23. Nac5 fxg3 24. hxg3 Qg5 25. Rd3 Rf4 26. Rxd6 Rf8 27.
R6d3 Qh6 28. Rd8 1-0

[Event "First Saturday 2009 december FM-A"]
[Site "Budapest"]
[Date "2009.12.07"]
[Round "1.3"]
[White "Lakat, Gyula"]
[Black "Zoltan, Andras"]
[Result "1/2-1/2"]
[WhiteElo "1956"]
[BlackElo "1995"]
[PlyCount "40"]
[EventDate "2009.12.05"]

1. e4 e5 2. Nf3 Nc6 3. Bb5 a6 4. Ba4 b5 5. Bb3 Na5 6. O-O Nxb3 7. axb3 d6 8. d4
Bg4 9. dxe5 Bxf3 10. Qxf3 dxe5 11. Rd1 Qf6 12. Qxf6 Nxf6 13. f3 Bc5+ 14. Kf1
O-O 15. Ke2 a5 16. Be3 Bb6 17. Bxb6 cxb6 18. Rd6 Rfc8 19. c3 Rab8 20. Na3 b4
1/2-1/2

[Event "First Saturday 2009 december FM-A"]
[Site "Budapest"]
[Date "2009.12.07"]
[Round "1.3"]
[White "Bogad, Peter"]
[Black "Tran, Tuan Minh"]
[Result "0-1"]
[WhiteElo "2054"]
[BlackElo "2105"]
[PlyCount "72"]
[EventDate "2009.12.05"]

1. g4 d5 2. Bg2 Bxg4 3. c4 Nd7 4. cxd5 Ngf6 5. Nc3 Rb8 6. Qa4 a6 7. e4 b5 8.
Qxa6 Rb6 9. Qa5 Ne5 10. Bf1 Nc4 11. Bxc4 bxc4 12. Qa4+ Bd7 13. Qxc4 e5 14. Nf3
Ng4 15. h3 Rf6 16. Qe2 Bc5 17. d4 exd4 18. e5 d3 19. Qxd3 Nxf2 20. Qe2 Rxf3 21.
Qxf3 Nxh1 22. Qxh1 Qh4+ 23. Kd1 Bxh3 24. Qe4 Qh5+ 25. Ke1 O-O 26. Bf4 Qh4+ 27.
Kd2 Qf2+ 28. Ne2 Rb8 29. d6 h6 30. dxc7 Rxb2+ 31. Kd3 Rxe2 32. Qa8+ Kh7 33.
c8=Q Bxc8 34. Qxc8 Qf3+ 35. Kc4 Qe4+ 36. Kb5 Rb2+ 0-1

[Event "First Saturday 2009 december FM-A"]
[Site "Budapest"]
[Date "2009.12.07"]
[Round "1.3"]
[White "Letay, Gyula"]
[Black "Mayer, Istvan"]
[Result "1/2-1/2"]
[WhiteElo "2119"]
[BlackElo "2152"]
[PlyCount "21"]
[EventDate "2009.12.05"]

1. e4 e6 2. Nf3 d5 3. Nc3 Nf6 4. e5 Nfd7 5. d4 c5 6. dxc5 Bxc5 7. Bf4 Nc6 8.
Bd3 f6 9. exf6 Nxf6 10. O-O O-O 11. Bg3 1/2-1/2

[Event "First Saturday 2009 december FM-A"]
[Site "Budapest"]
[Date "2009.12.08"]
[Round "1.4"]
[White "Zoltan, Andras"]
[Black "Mayer, Istvan"]
[Result "1-0"]
[WhiteElo "1995"]
[BlackElo "2152"]
[PlyCount "53"]
[EventDate "2009.12.05"]

1. e4 e6 2. d3 d5 3. Nd2 c5 4. Ngf3 Nc6 5. g3 dxe4 6. dxe4 Nf6 7. Qe2 e5 8. Bg2
Bd6 9. O-O O-O 10. Nc4 Bc7 11. Bg5 h6 12. Bxf6 Qxf6 13. Ne3 Bd8 14. Nd5 Qg6 15.
Qc4 b6 16. Rfe1 Kh7 17. c3 Be6 18. Qa4 Rc8 19. Rad1 f5 20. exf5 Rxf5 21. Ne3
Rf7 22. Nd2 b5 23. Qxb5 Qf6 24. Ne4 Qe7 25. Nd6 Nb8 26. Nxc8 Bc7 27. Nxe7 1-0

[Event "First Saturday 2009 december FM-A"]
[Site "Budapest"]
[Date "2009.12.08"]
[Round "1.4"]
[White "Tran, Tuan Minh"]
[Black "Letay, Gyula"]
[Result "1/2-1/2"]
[WhiteElo "2105"]
[BlackElo "2119"]
[PlyCount "29"]
[EventDate "2009.12.05"]

1. d4 d5 2. Nf3 e6 3. c4 Nf6 4. g3 Be7 5. Bg2 O-O 6. Qc2 dxc4 7. Qxc4 a6 8. O-O
b5 9. Qc2 Bb7 10. Bf4 Bd6 11. Nbd2 Nbd7 12. Rac1 Rc8 13. Nb3 Be4 14. Qd2 Qe7
15. a3 1/2-1/2

[Event "First Saturday 2009 december FM-A"]
[Site "Budapest"]
[Date "2009.12.08"]
[Round "1.4"]
[White "Lakat, Gyula"]
[Black "Bogad, Peter"]
[Result "0-1"]
[WhiteElo "1956"]
[BlackElo "2054"]
[PlyCount "72"]
[EventDate "2009.12.05"]

1. d4 e6 2. Nf3 b6 3. g3 Bb7 4. Bg2 f5 5. c4 Nf6 6. Nc3 Bb4 7. a3 Bxc3+ 8. bxc3
Ne4 9. Qb3 Nc6 10. O-O Na5 11. Qb4 c5 12. Qb2 Nxc4 13. Qc2 Rc8 14. dxc5 Rxc5
15. Nd2 Ncxd2 16. Bxd2 Qa8 17. f3 Nf6 18. Be3 Rc4 19. Bd4 O-O 20. Qd2 Nd5 21.
e4 Ne7 22. Qg5 Ng6 23. e5 f4 24. g4 Qe8 25. Qh5 d6 26. Rae1 dxe5 27. Bxe5 Rc5
28. Rf2 Qb5 29. Rfe2 Rd8 30. Qg5 Rdd5 31. h4 Rxe5 32. Rxe5 Rxe5 33. Qd8+ Nf8
34. Rd1 Qc5+ 35. Kh2 Qf2 36. Qc7 Re2 0-1

[Event "First Saturday 2009 december FM-A"]
[Site "Budapest"]
[Date "2009.12.09"]
[Round "1.5"]
[White "Bogad, Peter"]
[Black "Zoltan, Andras"]
[Result "1/2-1/2"]
[WhiteElo "2054"]
[BlackElo "1995"]
[PlyCount "26"]
[EventDate "2009.12.05"]

1. e4 e5 2. f4 d5 3. exd5 exf4 4. Nf3 Nf6 5. Bb5+ c6 6. dxc6 Nxc6 7. d4 Bd6 8.
O-O O-O 9. c4 a6 10. Bxc6 bxc6 11. Nc3 Be6 12. b3 Qa5 13. Bb2 Qh5 1/2-1/2

[Event "First Saturday 2009 december FM-A"]
[Site "Budapest"]
[Date "2009.12.09"]
[Round "1.5"]
[White "Letay, Gyula"]
[Black "Lakat, Gyula"]
[Result "1-0"]
[WhiteElo "2119"]
[BlackElo "1956"]
[PlyCount "92"]
[EventDate "2009.12.05"]

1. e4 d6 2. Nc3 g6 3. d4 Bg7 4. Be3 Nf6 5. f3 a6 6. Qd2 Nbd7 7. g4 Nb6 8. h4 h5
9. g5 Nfd7 10. O-O-O e5 11. d5 O-O 12. a4 Rb8 13. a5 Na8 14. Ba7 b6 15. Bxb8
Nxb8 16. Na4 Bd7 17. Qb4 bxa5 18. Qxa5 c5 19. Qxd8 Rxd8 20. Nc3 Nb6 21. Be2 c4
22. Kd2 Rc8 23. Ra1 Rc5 24. b4 Rc7 25. Nh3 Bf8 26. Nf2 f6 27. Nh3 f5 28. Nf2 f4
29. Rhb1 Ra7 30. Nfd1 Be7 31. Nb2 Rc7 32. Nba4 Nxa4 33. Nxa4 Bb5 34. Nc3 Bd8
35. Nxb5 axb5 36. Ra8 Rb7 37. Bf1 Bb6 38. Bh3 Bf2 39. Be6+ Kf8 40. Bc8 Rb6 41.
Rba1 Bxh4 42. R1a7 Bxg5 43. Rb7 Rxb7 44. Bxb7 Kg7 45. Rxb8 h4 46. Bc8 Bh6 1-0

[Event "First Saturday 2009 december FM-A"]
[Site "Budapest"]
[Date "2009.12.09"]
[Round "1.5"]
[White "Mayer, Istvan"]
[Black "Tran, Tuan Minh"]
[Result "0-1"]
[WhiteElo "2152"]
[BlackElo "2105"]
[PlyCount "60"]
[EventDate "2009.12.05"]

1. e4 e6 2. d4 d5 3. e5 c5 4. c3 Qb6 5. Nf3 Bd7 6. Be2 cxd4 7. cxd4 Bb5 8. O-O
Bxe2 9. Qxe2 Nc6 10. Nc3 a6 11. Qd3 Nge7 12. Rd1 Nf5 13. Nxd5 Qa5 14. Ne3 Nxe3
15. Bxe3 Rd8 16. Qe4 Qd5 17. Qb1 Be7 18. a3 Na5 19. b4 Nc4 20. Re1 O-O 21. Qd1
a5 22. bxa5 Nxa5 23. Rb1 b5 24. Qd3 Nc4 25. Bg5 f6 26. exf6 gxf6 27. Bc1 Kh8
28. Qe4 Qxe4 29. Rxe4 e5 30. Rxb5 Nd6 0-1

[Event "First Saturday 2009 december FM-A"]
[Site "Budapest"]
[Date "2009.12.10"]
[Round "2.1"]
[White "Zoltan, Andras"]
[Black "Tran, Tuan Minh"]
[Result "1/2-1/2"]
[WhiteElo "1995"]
[BlackElo "2105"]
[PlyCount "45"]
[EventDate "2009.12.05"]

1. e4 e6 2. d3 d5 3. Nd2 Nf6 4. Ngf3 b6 5. e5 Nfd7 6. g3 c5 7. Nb3 Bb7 8. Bg2
Nc6 9. Qe2 h6 10. O-O a5 11. a4 Qc7 12. Re1 g5 13. h4 g4 14. Nh2 h5 15. Bf4 Bh6
16. Bxh6 Rxh6 17. d4 cxd4 18. Qd2 Rg6 19. Nxd4 Ndxe5 20. Qc3 O-O-O 21. Nb5 d4
22. Qb3 Qb8 23. Rad1 1/2-1/2

[Event "First Saturday 2009 december FM-A"]
[Site "Budapest"]
[Date "2009.12.10"]
[Round "2.1"]
[White "Mayer, Istvan"]
[Black "Lakat, Gyula"]
[Result "1/2-1/2"]
[WhiteElo "2152"]
[BlackElo "1956"]
[PlyCount "42"]
[EventDate "2009.12.05"]

1. e4 c5 2. Nf3 Nc6 3. d4 cxd4 4. Nxd4 Nf6 5. Nc3 e5 6. Ndb5 d6 7. Bg5 a6 8.
Na3 b5 9. Nd5 Be7 10. Bxf6 Bxf6 11. c3 Bg5 12. Nc2 O-O 13. Bd3 Ne7 14. Nce3
Nxd5 15. Nxd5 Bb7 16. O-O Bxd5 17. exd5 g6 18. a4 Rb8 19. axb5 axb5 20. Qg4 f5
21. Qh3 e4 1/2-1/2

[Event "First Saturday 2009 december FM-A"]
[Site "Budapest"]
[Date "2009.12.10"]
[Round "2.1"]
[White "Letay, Gyula"]
[Black "Bogad, Peter"]
[Result "1-0"]
[WhiteElo "2119"]
[BlackElo "2054"]
[PlyCount "92"]
[EventDate "2009.12.05"]

1. e4 e5 2. Nf3 d6 3. Bc4 f5 4. d3 f4 5. Nc3 g5 6. h3 h5 7. d4 Nc6 8. dxe5 g4
9. hxg4 Bxg4 10. Bxf4 Bg7 11. Qd5 Qd7 12. O-O-O O-O-O 13. e6 Qe7 14. Bg5 Nf6
15. Bxf6 Qxf6 16. Ba6 Qxe6 17. Bxb7+ Kxb7 18. Qb5+ Kc8 19. Qxc6 Bxc3 20. bxc3
Bxf3 21. gxf3 Qxa2 22. Kd2 d5 23. e5 d4 24. cxd4 Rxd4+ 25. Ke3 Rb4 26. Rd7 Qa5
27. Rd5 Qa3+ 28. c3 Rb6 29. Qc5 Qa4 30. Rd4 Qc2 31. Rc4 Rh7 32. Rb4 Rd7 33. Rd4
Rb2 34. Qf8+ Kb7 35. Rb4+ Rxb4 36. Qxb4+ Kc8 37. Qc4 Qd2+ 38. Ke4 Rd8 39. Qa6+
Kd7 40. Qd3+ Ke6 41. Qxd2 Rxd2 42. Rxh5 Re2+ 43. Kd4 Rxf2 44. Rh6+ Kf5 45. Rf6+
Kg5 46. f4+ Kg4 1-0

[Event "First Saturday 2009 december FM-A"]
[Site "Budapest"]
[Date "2009.12.11"]
[Round "2.2"]
[White "Letay, Gyula"]
[Black "Zoltan, Andras"]
[Result "1-0"]
[WhiteElo "2119"]
[BlackElo "1995"]
[PlyCount "107"]
[EventDate "2009.12.05"]

1. e4 e5 2. Nf3 Nc6 3. Bc4 Nf6 4. d4 exd4 5. e5 Ng4 6. Qe2 Qe7 7. Bf4 d6 8.
exd6 Qxe2+ 9. Bxe2 Bxd6 10. Bxd6 cxd6 11. Na3 Bf5 12. Rd1 O-O-O 13. Nxd4 Nxd4
14. Rxd4 Rhe8 15. Nb5 Re6 16. Rc4+ Kb8 17. Nd4 Rde8 18. Nxe6 Bxe6 19. Rd4 Kc7
20. O-O Ne5 21. Rfd1 Rd8 22. c4 b6 23. b3 g6 24. f4 Nc6 25. R4d2 a5 26. Bf3 Nb4
27. a3 Na6 28. Bd5 Bxd5 29. Rxd5 f5 30. Re1 Rd7 31. h3 Nc5 32. b4 axb4 33. axb4
Ne4 34. g4 Nf6 35. Rd4 fxg4 36. hxg4 Nxg4 37. Re6 Nh6 38. Rd1 Nf5 39. Kf2 Rf7
40. Ra1 Kc6 41. Re8 g5 42. Rc8+ Kb7 43. Rca8 Ne7 44. R1a7+ Kc6 45. Kg2 gxf4 46.
Re8 b5 47. cxb5+ Kxb5 48. Rb7+ Kc4 49. Rexe7 Rxe7 50. Rxe7 Kxb4 51. Rc7 h5 52.
Kf3 d5 53. Kxf4 h4 54. Ke5 1-0

[Event "First Saturday 2009 december FM-A"]
[Site "Budapest"]
[Date "2009.12.11"]
[Round "2.2"]
[White "Bogad, Peter"]
[Black "Mayer, Istvan"]
[Result "0-1"]
[WhiteElo "2054"]
[BlackElo "2152"]
[PlyCount "64"]
[EventDate "2009.12.05"]

1. g4 e5 2. Bg2 Nc6 3. c4 h5 4. e3 hxg4 5. Qxg4 Nf6 6. Qg5 Rh5 7. Qg3 d5 8. Nc3
Nb4 9. Bf3 Rf5 10. cxd5 Nh5 11. Qg4 Nc2+ 12. Kd1 Nxa1 13. Qa4+ Bd7 14. Qc4 Bd6
15. d3 g6 16. h3 Kf8 17. e4 Rxf3 18. Nxf3 Qf6 19. Ng5 Qxf2 20. Ne2 b5 21. Qc3
b4 22. Qc4 a6 23. Bd2 Bb5 24. Be1 Qg2 25. Ne6+ fxe6 26. Qc1 Bxd3 27. Qh6+ Kf7
28. Qh7+ Ng7 29. dxe6+ Kxe6 30. Rh2 Qxh2 31. Qxg6+ Kd7 32. Qf7+ Kc8 0-1

[Event "First Saturday 2009 december FM-A"]
[Site "Budapest"]
[Date "2009.12.11"]
[Round "2.2"]
[White "Lakat, Gyula"]
[Black "Tran, Tuan Minh"]
[Result "0-1"]
[WhiteElo "1956"]
[BlackElo "2105"]
[PlyCount "88"]
[EventDate "2009.12.05"]

1. d4 Nf6 2. c4 e6 3. Nc3 Bb4 4. Qc2 c5 5. e3 Nc6 6. Nf3 cxd4 7. exd4 d5 8. c5
Ne4 9. Bd2 Nxd2 10. Kxd2 Qf6 11. Bb5 O-O 12. Bxc6 bxc6 13. Rae1 Qf4+ 14. Kd1 f6
15. Re3 Qg4 16. Rg1 e5 17. h3 Qh5 18. g4 Qf7 19. Ne2 e4 20. Nh4 Ba5 21. Qa4 Bd8
22. Qxc6 Rb8 23. b3 g6 24. Ng2 Bb7 25. Qa4 Rc8 26. b4 a6 27. Nc3 f5 28. f4 Qg7
29. Ne2 Bf6 30. b5 axb5 31. Qb4 fxg4 32. hxg4 g5 33. f5 Ra8 34. a3 Bc6 35. Rb3
Ra4 36. Qd2 Bxd4 37. Rh1 Bf6 38. Ne1 d4 39. Rbh3 e3 40. Qa2+ Qf7 41. Qxf7+ Rxf7
42. Rg1 Rxa3 43. Nc2 Rb3 44. Nc1 e2+ 0-1

[Event "First Saturday 2009 december FM-A"]
[Site "Budapest"]
[Date "2009.12.12"]
[Round "2.3"]
[White "Zoltan, Andras"]
[Black "Lakat, Gyula"]
[Result "1/2-1/2"]
[WhiteElo "1995"]
[BlackElo "1956"]
[PlyCount "42"]
[EventDate "2009.12.05"]

1. e4 c6 2. d4 d5 3. e5 Bf5 4. c3 e6 5. f4 h6 6. Nf3 Ne7 7. Be2 a6 8. O-O Qc7
9. Be3 Nd7 10. Qd2 c5 11. Na3 b5 12. Nc2 c4 13. b3 cxb3 14. axb3 Ra7 15. Nb4
Nb8 16. Nd3 Nec6 17. Nh4 Be4 18. Bf3 Be7 19. g3 g5 20. Ng2 Bxf3 21. Rxf3 g4
1/2-1/2

[Event "First Saturday 2009 december FM-A"]
[Site "Budapest"]
[Date "2009.12.12"]
[Round "2.3"]
[White "Tran, Tuan Minh"]
[Black "Bogad, Peter"]
[Result "1-0"]
[WhiteElo "2105"]
[BlackElo "2054"]
[PlyCount "72"]
[EventDate "2009.12.05"]

1. d4 e6 2. c4 b6 3. Nf3 Bb7 4. g3 f5 5. Bg2 Nf6 6. O-O Be7 7. b3 Ne4 8. Bb2
O-O 9. Qc2 Nc6 10. a3 Bf6 11. Rd1 Ne7 12. Nc3 Ng6 13. e3 h5 14. d5 exd5 15.
Nxd5 Bxb2 16. Qxb2 c6 17. Nf4 Nxf4 18. gxf4 Rf6 19. b4 c5 20. Ne5 d6 21. f3 Qe8
22. Nd3 Rg6 23. fxe4 Qxe4 24. Ne1 h4 25. Kf1 Rxg2 26. Qxg2 Qxc4+ 27. Qe2 Qe4
28. Kf2 Re8 29. Rac1 d5 30. bxc5 bxc5 31. Rxc5 h3 32. Nf3 Ba6 33. Qd2 Qe7 34.
Rxd5 Qxa3 35. Rd8 Rxd8 36. Qxd8+ Kh7 1-0

[Event "First Saturday 2009 december FM-A"]
[Site "Budapest"]
[Date "2009.12.12"]
[Round "2.3"]
[White "Mayer, Istvan"]
[Black "Letay, Gyula"]
[Result "1/2-1/2"]
[WhiteElo "2152"]
[BlackElo "2119"]
[PlyCount "23"]
[EventDate "2009.12.05"]

1. e4 c5 2. Nc3 d6 3. g3 g6 4. Bg2 Bg7 5. d3 Nc6 6. Be3 e6 7. Qd2 Nge7 8. Nge2
O-O 9. O-O Nd4 10. f4 b6 11. Rf2 Bb7 12. Raf1 1/2-1/2

[Event "First Saturday 2009 december FM-A"]
[Site "Budapest"]
[Date "2009.12.13"]
[Round "2.4"]
[White "Mayer, Istvan"]
[Black "Zoltan, Andras"]
[Result "1-0"]
[WhiteElo "2152"]
[BlackElo "1995"]
[PlyCount "96"]
[EventDate "2009.12.05"]

1. e4 e5 2. Bc4 Nf6 3. Qe2 Nc6 4. Nf3 Be7 5. c3 O-O 6. O-O d6 7. h3 h6 8. d4
exd4 9. cxd4 d5 10. exd5 Nxd5 11. Bxd5 Qxd5 12. Nc3 Qe6 13. Re1 Qxe2 14. Rxe2
Bd6 15. Nb5 Be6 16. Nxd6 cxd6 17. Bf4 Rad8 18. Rd2 Bd5 19. Ne1 Rfe8 20. Nc2 Be4
21. Ne3 g5 22. Bg3 f5 23. f4 d5 24. Rf1 Rf8 25. Bh2 Rd7 26. g4 fxg4 27. Nxg4
Kg7 28. b4 Nxb4 29. Ne5 Rc7 30. Rdf2 Rc2 31. Nd7 Rxf2 32. Rxf2 Rd8 33. Nc5 Rc8
34. Rb2 a5 35. a3 b6 36. axb4 bxc5 37. bxc5 Ra8 38. fxg5 hxg5 39. c6 a4 40. c7
Bf5 41. Rb8 Ra5 42. c8=Q Bxc8 43. Rxc8 a3 44. Rc1 a2 45. Ra1 Kg6 46. Kf2 Kf5
47. Bg1 Ke4 48. Ke2 Ra3 1-0

[Event "First Saturday 2009 december FM-A"]
[Site "Budapest"]
[Date "2009.12.13"]
[Round "2.4"]
[White "Letay, Gyula"]
[Black "Tran, Tuan Minh"]
[Result "0-1"]
[WhiteElo "2119"]
[BlackElo "2105"]
[PlyCount "82"]
[EventDate "2009.12.05"]

1. e4 e6 2. Nf3 d5 3. Nc3 Nf6 4. e5 Nfd7 5. d4 c5 6. dxc5 Bxc5 7. Bd3 Nc6 8.
Bf4 a6 9. O-O h6 10. h3 b5 11. Qd2 Nb6 12. b3 Bb7 13. a3 b4 14. Nb1 Qc7 15.
axb4 Nxb4 16. c3 Nxd3 17. Qxd3 O-O 18. b4 Be7 19. Bg3 Rfc8 20. Nd4 Bf8 21. f4
g6 22. Ra2 Qc4 23. Qd2 a5 24. bxa5 Na4 25. Rf3 Rxa5 26. Be1 Ra6 27. Rg3 Nc5 28.
Rb2 Ne4 29. Qe3 Nxg3 30. Qxg3 Qc7 31. f5 exf5 32. Nxf5 Rb6 33. Rb4 Rxb4 34.
cxb4 Qc2 35. Nd6 Qxb1 36. Qf2 Bxd6 37. exd6 Bc6 38. Kh2 Qe4 39. Bc3 d4 40. Bxd4
g5 41. b5 Bxb5 0-1

[Event "First Saturday 2009 december FM-A"]
[Site "Budapest"]
[Date "2009.12.13"]
[Round "2.4"]
[White "Bogad, Peter"]
[Black "Lakat, Gyula"]
[Result "1-0"]
[WhiteElo "2054"]
[BlackElo "1956"]
[PlyCount "79"]
[EventDate "2009.12.05"]

1. g4 d5 2. Bg2 Bxg4 3. c4 c6 4. Qb3 Qd7 5. cxd5 Nf6 6. Nc3 e6 7. e4 exd5 8.
exd5 Qe7+ 9. Kf1 Qb4 10. dxc6 Nxc6 11. Nb5 Qxb3 12. axb3 Kd7 13. d4 a6 14. Bf4
Rc8 15. d5 Nb4 16. Nc3 Nd3 17. Bg3 Nxb2 18. Nge2 Bb4 19. Na2 Bxe2+ 20. Kxe2
Rc2+ 21. Kf3 Bd2 22. Bh3+ Kd8 23. Bf5 Rc5 24. Rab1 Rxd5 25. Be4 Nxe4 26. Kxe4
Rd7 27. Rxb2 Re8+ 28. Kf3 Rd3+ 29. Kg2 Ba5 30. Rc1 Bb6 31. Rbc2 Kd7 32. Nb4 Rd4
33. Rc4 Rde4 34. Nd5 Bd8 35. f3 Rxc4 36. bxc4 Re2+ 37. Kf1 Ra2 38. Rd1 Ra3 39.
Nb6+ Ke8 40. Re1+ 1-0

[Event "First Saturday 2009 december FM-A"]
[Site "Budapest"]
[Date "2009.12.14"]
[Round "2.5"]
[White "Zoltan, Andras"]
[Black "Bogad, Peter"]
[Result "1/2-1/2"]
[WhiteElo "1995"]
[BlackElo "2054"]
[PlyCount "46"]
[EventDate "2009.12.05"]

1. e4 e5 2. Bc4 d6 3. c3 f5 4. Qb3 Nh6 5. d4 f4 6. dxe5 dxe5 7. Nf3 Nc6 8. O-O
Bc5 9. Rd1 Qf6 10. Bd2 Bg4 11. Be2 O-O-O 12. h3 Bh5 13. Qc4 Bb6 14. b4 g5 15.
a4 g4 16. hxg4 Nxg4 17. Be1 Rxd1 18. Bxd1 Qg6 19. a5 Be3 20. b5 Rg8 21. bxc6
Bxf2+ 22. Bxf2 Nxf2 23. cxb7+ Kb8 1/2-1/2

[Event "First Saturday 2009 december FM-A"]
[Site "Budapest"]
[Date "2009.12.14"]
[Round "2.5"]
[White "Lakat, Gyula"]
[Black "Letay, Gyula"]
[Result "1-0"]
[WhiteElo "1956"]
[BlackElo "2119"]
[PlyCount "85"]
[EventDate "2009.12.05"]

1. c4 c6 2. Nf3 d5 3. b3 e6 4. Bb2 f5 5. e3 Nf6 6. Be2 Bd6 7. Ne5 O-O 8. f4 Ne4
9. O-O Nd7 10. d3 Bxe5 11. fxe5 Ng5 12. Qe1 Nf7 13. cxd5 cxd5 14. d4 a6 15. Ba3
Re8 16. h4 b6 17. g4 fxg4 18. Bxg4 Nh6 19. Bh3 Bb7 20. Nd2 Rc8 21. Nf3 Nf7 22.
Qf2 Bc6 23. Kh1 Bb5 24. Rg1 Bd3 25. Qg3 g6 26. h5 Be4 27. hxg6 hxg6 28. Rac1
Rxc1 29. Rxc1 Ng5 30. Bg2 Bxf3 31. Bxf3 Kg7 32. Bg2 Rh8+ 33. Kg1 Rh5 34. Bd6
Ne4 35. Qg4 Rf5 36. Rc7 Kh6 37. Qh3+ Rh5 38. Qg4 Qe8 39. Rxd7 Qxd7 40. Bf8+ Kh7
41. Bxe4 dxe4 42. Qxe4 Qd8 43. Qb7+ 1-0

[Event "First Saturday 2009 december FM-A"]
[Site "Budapest"]
[Date "2009.12.14"]
[Round "2.5"]
[White "Tran, Tuan Minh"]
[Black "Mayer, Istvan"]
[Result "1-0"]
[WhiteElo "2105"]
[BlackElo "2152"]
[PlyCount "41"]
[EventDate "2009.12.05"]

1. d4 d5 2. Nf3 Nf6 3. c4 dxc4 4. Qa4+ c6 5. Qxc4 e6 6. Bg5 Be7 7. Nc3 Nbd7 8.
e4 Qa5 9. e5 Nd5 10. Bxe7 Nxe7 11. b4 Qd8 12. Bd3 f5 13. Qxe6 Nc5 14. Qc4 Nxd3+
15. Qxd3 Nd5 16. Nxd5 Qxd5 17. O-O O-O 18. Rfc1 Rd8 19. Rc5 Qe4 20. Qb3+ Rd5
21. Re1 1-0